| 000 | 00893nam a22002777a 4500 | ||
|---|---|---|---|
| 001 | 5786 | ||
| 003 | FISKH | ||
| 005 | 20250820110955.0 | ||
| 008 | 250122b cb ||||| |||| 00| 0 eng d | ||
| 020 | _a087577919348 | ||
| 040 |
_aFISKH _beng _cFISKH _dFISKH |
||
| 050 | _aML3928.D66 | ||
| 082 | _a780.9 | ||
| 100 | _aDomnauer, Teresa | ||
| 245 |
_aA musical adventure : _bRock, rag, and swing / |
||
| 260 |
_aColumbus: _bSchool Specialty Publishing, _c2006. |
||
| 300 |
_a32 pages : _bcolor illustrations ; _c23 cm |
||
| 490 |
_aPalooza readers ; _vIndependent reader 4. |
||
| 505 | _aP | ||
| 520 | _aFarkle McBride explains classical music, opera, gospel, marching music, and all different types of pop music. | ||
| 521 | 8 |
_a640
_bLexile estimate |
|
| 521 | 8 |
_aP
_bRaz-Plus |
|
| 650 |
_aDifferent types of music _vinstruments |
||
| 942 |
_2ddc _cBK _n0 |
||
| 999 |
_c5786 _d5786 |
||